000
00276nam a2200109Ia 4500
008
200302s9999 xx 000 0 und d
100
_a
Alexander Kostka
245
_a
Nietzsche & An Architecrure of Our Minds
260
_b
Issues and Debates
260
_c
1999
300
_a
363 P.,
999
_c
5026
_d
5026